000 00668nam a22002057a 4500
005 20170713154802.0
010 _aENG-119179
020 _a9788175417885
_c160.00
035 _aEN-102711
037 _bDBAD/PUB
082 _a370.95455
245 _aRethinking education in the hill Northeast India /
_cedited by A.S.Yaringam [and] A.C. Kharingpam
260 _aDelhi
_bShipra Publications
_c2015
270 _aLG-18-19,Pankaj Central Market,I.P.Ext. Patparganj
_bDelhi
_e110092
300 _aviii,144p.
_c23cm(pbk)
500 _aIncludes references
700 _aA.S.Yaringam
700 _aA.C. Kharingpam
942 _2ddc
_cEN
_mRET
_h370.95455
999 _c142551
_d142551